[Event "Rilton Cup 34th"]
[Site "Stockholm"]
[Date "2005.01.02"]
[Round "6"]
[White "Hermansson, Emil"]
[Black "Akesson, Ralf"]
[Result "1-0"]
[WhiteElo "2414"]
[BlackElo "2472"]
[Annotator "Aagaard,J"]
[PlyCount "81"]
[EventDate "2004.12.27"]
[EventType "swiss"]
[EventRounds "9"]
[EventCountry "SWE"]
[SourceTitle "CBM 104 Extra"]
[Source "ChessBase"]
[SourceDate "2005.03.01"]
[SourceVersion "1"]
[SourceVersionDate "2005.03.01"]
[SourceQuality "1"]

{Emil Hermansson played really well until he was outplayed in round 8 by Nick
de Firmian. As far as I can see this nice manoeuvring game was his best effort
in the tournament.} 1. e4 c5 2. Nf3 Nc6 3. d4 cxd4 4. Nxd4 e5 5. Nb5 d6 6. N1c3
a6 7. Na3 b5 8. Nd5 Nf6 9. Bg5 {This line is in principle considered harmless
these days. However for a single game it can of course be tried.} (9. c4 $1 {
is the theoretical recommendations these days.}) 9... Be7 10. Bxf6 Bxf6 11. c3
O-O 12. Nc2 Bg5 13. a4 bxa4 14. Rxa4 a5 15. Bc4 Rb8 16. b3 Kh8 17. O-O ({
Hermansson's friend Ivanchuk introduced the positional idea we shall see in
this game at top level against Leko in Monaco 2004. Though this game should of
course be taken seriously, it was after all only a rapid game.} 17. Qe2 Bd7 18.
Ra1 Ne7 19. Nxe7 Bxe7 20. O-O Be6 21. Na3 Bxc4 22. bxc4 $5 {This is the idea,
here in a different shape. White rids himself of his weakness on b3 and gains
control over the b5-square. Suddenly Black's defence requires real effort. In
the game Leko was not successful.} f5 23. exf5 Rxf5 24. Rfd1 Rc8 25. Rd5 Rf6
26. Nc2 Qc7 27. Rdxa5 Qxc4 28. Qxc4 Rxc4 29. Ne3 Rc8 30. Nd5 Re6 31. Ra8 Rg8
32. c4 e4 33. R1a6 Re5 34. Kf1 e3 35. fxe3 h6 36. Ke2 Bf8 37. Rc8 Rf5 38. Raa8
Rf7 39. Nf4 Rf6 40. Rxf8 {1-0.}) 17... f5 ({From the old days I have had great
sympathy for} 17... g6 {followed by ...f5. The difference is that White cannot
really play exf5 then, as after gxf5 Black would have a potentially dangerous
centre.}) 18. exf5 Bxf5 19. Nce3 Be6 20. Qd3 Bxe3 21. Nxe3 Bxc4 22. bxc4 Qc7 (
22... Qd7 {with even chances was played in Mahesh Chandran - Sareen, Nagpur
2002. I like this better, but Åkesson's move is not yet a mistake.}) 23. Rd1
Rfd8 24. Ra2 g6 $6 {Åkesson wants to control the f5-square, but this move is
too weakening. After the normal} (24... Ne7 {the disadvantage is very small if
present at all.}) 25. h4 $1 {Of course. White immediately creates the
possibility of attacking this new weakness in the Black position.} Rb3 26. Nd5
$6 {It is not really clear to me what the knight is doing here besides
threatening the Black queen. Later Emil returns the knight to e3, so maybe it
would have been better to keep it there?} (26. Qe4 $5 {is the computers
suggestion here, and it looks awfully strong. One idea is to get the queen to
the kingside to assist with the pressure with h4-h5. But the main idea is to
play Rad2 to put pressure against d6. These two threats combined will give
Black serious headaches. Best is probably something like 26...Rbb8 to start
the defence immediately. Because even relatively sensible moves can quickly
run into trouble:} Ne7 $6 27. Rad2 $1 Rb6 (27... Qc6 28. Qxc6 Nxc6 29. Rxd6 Rc8
30. Rd7 $1 {and White has enough edge to win, based on ideas like Ne3-g4-f6 or
doubling of the rooks at the 7th rank. Oh yeah, and he has won a pawn.}) 28. c5
$1 Qxc5 29. Nc4 Ra6 30. Nxe5 d5 31. Qf4 {and Black jas a very insecure king,
while he clear suffers from the threats of h4-h5 and c3-c4. White is winning.})
26... Qf7 27. Qc2 {The queen is heading for a4.} Rb7 {Defending the 7th rank,
but still a little clumsy. The natural} (27... Rdb8 28. Ne3 Qf4 {looks ok for
Black.}) 28. Qa4 Rc8 29. Rad2 {White has managed to organise his pieces, while
Black is still a little uncoordinated. Therefore White has organised a little
pressure against a5,c6 and d6. Though White did not play the strongest at move
26, he clearly was headed for this position. Black discovered this too late,
and now finds himself slightly passive.} e4 {I am not sure about this. Black
hopes to become active, but his pieces are not well enough coordinated.} 30.
Ne3 Ne5 $2 {This leads to exchanges that favour White as the Black kingside is
openned for the White pieces.} (30... Qf4 {was much stronger. After} 31. g3 Qf3
32. Rxd6 Rf8 {Black would play Nc6-e5-d3 with counterplay. Probably White has
slightly better chances somehow, but it is definitely not going to be easy to
prove.}) 31. Qxa5 (31. c5 $5 {was possibly even stronger. However the text
move is simple and strong so why become too sophisticated?}) 31... Nxc4 {
Black does not want this exchange. Better was the computer's idea} (31... Rbb8
32. Rxd6 Nd3 {when White would have to come up with} 33. Ng4 $1 {followed by
f2-f3 to secure himself a clear edge.}) 32. Nxc4 Qxc4 33. Rxd6 Qxc3 34. Qd5 $1
{I like this best as it avoids unnecessary exchanges.} ({White could also play
the simple} 34. Rd8+ Kg7 35. Qd5 Rf7 36. Rxc8 Qxc8 37. Qe5+ Kh6 38. Qxe4 {
when we have an endgame on the edge of endgame theory. If Black is successful
in exchanging either major piece he should escape with a draw. However this is
not easy and the Black king's position is a little tender, so White probably
has higher chances to win than Black has to draw.}) 34... Re7 35. Rd8+ Re8 36.
Rd7 $1 {The pressure is clearly increasing. It is not easy being Black here.}
e3 $6 {Now White wins. However the position was not comfortable for Black.} (
36... Qf6 {loses by force to a pretty line.} 37. Rf7 Qc3 38. Qd7 {Already this
is a bad sign.} Kg8 39. Rxh7 Qf6 40. Rh6 Rcd8 41. Qh7+ Kf8 42. Qh8+ Kf7 {
the pawn endgame is of course lost.} 43. Rh7+ Ke6 44. Rd6+ $3 Rxd6 45. Qxe8+
Kd5 46. Re7 {and the Black king will not survive in the middle of the board.
Also e4 is hanging and then there is the pawn White has already won.}) (36...
Rf8 37. Qxe4 Qf6 {was necessary. Again we have this endgame where White's
chances for winning is somewhere around 50-75%.}) 37. Qf7 $1 exf2+ 38. Kh2 Qe5+
39. g3 f1=N+ 40. Rxf1 Rc2+ 41. Kh3 1-0

[Event "Sharjah op"]
[Site "Sharjah"]
[Date "2014.11.19"]
[Round "5"]
[White "Abasov, Nijat Azad"]
[Black "Arab, Adlane"]
[Result "1-0"]
[WhiteElo "2509"]
[BlackElo "2441"]
[Annotator "Abasov,N"]
[PlyCount "63"]
[EventDate "2014.11.15"]
[EventType "swiss"]
[EventRounds "9"]
[EventCountry "UAE"]
[SourceTitle "EXT 2019"]
[Source "ChessBase"]
[SourceDate "2018.10.10"]
[SourceVersion "1"]
[SourceVersionDate "2018.10.10"]
[SourceQuality "1"]

1. e4 c5 2. Nf3 Nc6 3. d4 cxd4 4. Nxd4 Qb6 {Grivas' variation. I was actually
happy to see this happening on board, cause, before the game instead of
resting, I spent most of my time to prepare against it:)} 5. Nb3 Nf6 6. Nc3 e6
7. Qe2 $5 {I believe, 7.Qe2 is the most principle line in Grivas' variation} ({
However, White has numerous reasonable alternatives such as} 7. a3 $5 {which
is also worth to try}) 7... Bb4 8. Bd2 O-O 9. a3 Be7 ({in our days} 9... Bxc3
10. Bxc3 e5 {is becoming popular}) 10. O-O-O d5 ({The first game I met the
idea of 7.Qe2 was between Anand and Kramnik. This game inspired me to learn
this variation!} 10... d6 11. g4 a6 12. g5 Nd7 13. h4 Qc7 14. f4 b5 15. Kb1 b4
16. axb4 Nxb4 17. f5 Rb8 18. Bf4 exf5 19. exf5 Ne5 20. Bh3 Re8 21. g6 hxg6 22.
Bxe5 dxe5 23. fxg6 fxg6 24. h5 Bf5 25. hxg6 Bxh3 26. Rxh3 Bg5 27. Ne4 Bf4 28.
Nbc5 {1-0 (28) Anand,V (2790)-Kramnik,V (2795) Mainz 2001}) 11. e5 Ne8 ({
I was more familiar with the move} 11... Nd7 {as I played myself this line a
year earlier} 12. f4 a6 13. Qh5 Qc7 14. Bd3 {and I failed to succeed} g6 15.
Qh6 Re8 16. Ne2 b5 17. Kb1 Rb8 18. h4 Qd8 19. Ned4 {...1-0, Korneev,O - Abasov,
N (Baku, 2013)}) 12. f4 f6 13. exf6 ({relatively the main line is} 13. Be3 Qc7
14. exf6 Bxf6 15. Nb5 Qb8 16. g3 $36 {and it looks better for White}) 13...
Bxf6 14. g3 {[%csl Re6][%cal Gf1h3,Gh3e6] now we have reached more or less
French type structure, Which certainly should be in favor of White, thanks to
the pawn structure and light squared Bishop} Nd6 15. Kb1 $5 $146 {quite an
interesting novelty over board, the idea of this move is well understandable
in the game text} ({earlier} 15. Bh3 {was tried mostly} Re8 16. Kb1 Nd4 $13 {
but occured position doesn't look much promising for White}) (15. Be3 {
happened in a quite dramatic thriller game between Hamdouchi,H - Korneev,O
which ended with surprising Black's victory in an endgame being Queen down!}
Qc7 16. Qe1 Kh8 17. Kb1 a6 18. Bc5 Bd7 19. Bxd6 Qxd6 20. Ne4 Qe7 21. Nxf6 Qxf6
22. Nc5 Rad8 23. Bh3 Rfe8 24. Rf1 Bc8 25. Nd3 Qh6 26. Bg4 e5 27. Bxc8 e4 28.
Bxb7 exd3 29. Qc3 dxc2+ 30. Qxc2 Ne7 31. Rfe1 Qd6 32. Qa4 d4 33. Bxa6 Rf8 34.
Qb4 Qxa6 35. Rxe7 Qf6 36. Ka1 Rb8 37. Rb7 Rxb7 38. Qxb7 Rd8 39. Qe4 h6 40. Qd3
Qb6 41. Qc4 Qd6 42. Rd3 Kh7 43. f5 Kh8 44. Qe6 Qf8 45. f6 gxf6 46. Qb6 Rd6 47.
Qa7 Qe8 48. Qa5 Qe5 49. Qa8+ Kg7 50. Qb7+ Kg6 51. Qf3 h5 52. h4 Qe1+ 53. Rd1
Qe5 54. g4 hxg4 55. Qxg4+ Kf7 56. Rg1 Rd8 57. Qg6+ Ke6 58. Qb1 d3 59. Re1 d2
60. Rxe5+ fxe5 61. Qd1 e4 62. Kb1 e3 63. Kc2 Rc8+ 64. Kd3 Rc1 65. Ke2 Kf5 66.
h5 Kg5 67. a4 Kf4 68. h6 Ke4 {0-1 (68) Hamdouchi,H (2576)-Korneev,O (2565)
Sort 2007}) 15... Nc4 16. Qe1 $1 {now since I have my Bishop yet undeveloped,
I'm intending to take on c4 and play Be3 followed by Nd4} Nxd2+ ({probably the
strongest was} 16... Rd8 $5 17. Bxc4 ({doesn't look much convincing} 17. Bc1 {
due to} N6a5) 17... dxc4 18. Be3 Rxd1+ 19. Nxd1 Qd8 $1 (19... Qb5 20. Nc5 $14)
20. Nc5 Qd5 $1 {[%csl Rh1]} 21. Bf2 Nd4 22. Ne4 Nf3 23. Ndc3 Nxe1 24. Nxd5 exd5
25. Nxf6+ gxf6 26. Rxe1 Kf7 $11 {should be equal}) ({the idea of 15.Kb1 is
that on} 16... N6a5 {I had prepared strong nuance} 17. Nxd5 $1 {and there are
no checks from b3 or b2} exd5 18. Bxa5 $16) 17. Qxd2 {now position more or
less has clarified and White's initiative is clear} Ne7 $6 {Black went too
passive here} ({He couldn't play} 17... Na5 $2 {rightaway, due to the same
tactical nuance} 18. Nxd5 $1 Nxb3 19. Nxf6+ Rxf6 20. cxb3 Qxb3 21. Bg2 $16 {
and Black's position simply collapsed}) ({Black should have prepared Na5 with} 
17... Kh8 $5 {to avoid checks from f6} 18. Bh3 (18. Na4 $5 Qc7 19. Bh3 e5 20.
Bxc8 Raxc8 21. Nc3 exf4 22. Nxd5 Qe5 23. Nxf6 Qxf6 24. gxf4 Qxf4 $11) 18... Na5
19. Nxa5 Qxa5 20. Ne4 Qxd2 21. Nxd2 a5 22. Rhe1 Ra6 23. Nf3 Rb6 24. Ne5 {
White surely has some edge} g5 {But Black has their own counter-play}) 18. Bh3
Bd7 $6 ({Black should have start attacking quickly, otherwise their position
strategically is seriously worse} 18... a5 $5 19. a4 $5 {is reasonable answer
but now} Bd7 {wins on power, as at least it targets in some lines the 'a4' pawn
} 20. Rhe1 Rac8 21. Ne4 Bxa4 $5 {and even here White has the initiative} 22.
Qf2 Rc6 23. Qxb6 Rxb6 24. Nec5 Bxb3 25. cxb3 $36) 19. Rhe1 {so far I'm just
improving position of my pieces} Rac8 20. Ne4 $1 $16 {probably my opponent
blundered this nuance playing ...-Bd7, or I don't know} dxe4 $2 $18 (20... Rc4
21. Nxf6+ Rxf6 22. Nd4 $16) 21. Qxd7 Nf5 22. Bxf5 exf5 23. Qxf5 {now White's
position is completely winning} e3 ({no discover attacks are possible} 23...
Bxb2 {due to an intermediate check} 24. Qd5+ $18) 24. Qa5 ({stronger was} 24.
Rd7 $18 {[%cal Gf5d3]}) 24... Qe6 (24... Qxa5 25. Nxa5 b6 26. Nb3 Rce8 {
[%cal Gg7g5]} 27. Rd3 g5 28. Rdxe3 Rxe3 29. Rxe3 gxf4 30. gxf4 Kf7 {[%cal
Gf7g6,Gg6f5] probably should be still winning, but Black is still in the game
here}) 25. Qd5 $18 {now the game is over} ({innaccurate} 25. Qxa7 $2 {is met by
} Rxc2) 25... Rce8 26. c3 h5 27. Nc5 Qxd5 28. Rxd5 Rf7 (28... Re7 29. Rd7) 29.
Kc2 (29. Rxh5 {was also possible}) 29... g5 30. fxg5 Bg7 31. Nd3 Re4 32. Nf4 {
generally speaking, my opponent didn't make a super blunder, however,
structurally his position was getting worse and worse after each move. He
should have looked for counterplay on the Queenside what he didn't do, and
blundered Ne4 motiff after what Black's position got even worse, and ever
since then my play was much easier} 1-0

[Event "Linares m"]
[Site "Linares"]
[Date "1992.??.??"]
[Round "4"]
[White "Anand, Viswanathan"]
[Black "Ivanchuk, Vassily"]
[Result "1/2-1/2"]
[WhiteElo "2690"]
[BlackElo "2720"]
[Annotator "Anand,V"]
[PlyCount "47"]
[EventDate "1992.09.??"]
[EventType "match"]
[EventRounds "8"]
[EventCountry "ESP"]
[SourceTitle "CBM 031"]
[Source "ChessBase"]
[SourceDate "1992.12.01"]
[SourceVersion "1"]
[SourceVersionDate "1992.12.01"]
[SourceQuality "1"]

1. e4 c5 2. Nf3 e6 3. d4 cxd4 4. Nxd4 Nf6 5. Nc3 Nc6 6. Ndb5 d6 7. Bf4 e5 8.
Bg5 a6 9. Na3 b5 10. Nd5 Be7 11. Nxe7 Nxe7 12. Bd3 Bb7 13. Qe2 O-O 14. O-O Ng6
(14... d5 15. Rad1 $5) 15. c4 h6 $1 $146 (15... b4 16. Nc2 a5 17. f3 h6 18. Be3
$14) 16. Bxf6 (16. Be3 Nxe4) 16... Qxf6 17. cxb5 (17. g3 Qg5 18. Kh1 f5 19. f3
$13) 17... Nf4 18. Qf3 axb5 (18... Nxd3 $5 19. Qxd3 Qg6 20. Rfe1 (20. f3 d5 $44
) 20... f5 (20... d5 21. Qg3 (21. bxa6 $5) 21... Qxg3 22. hxg3 dxe4 (22... d4
23. Nc4 $16) (22... axb5 $5 23. exd5 $5 b4 24. Nc4 $16) 23. bxa6 Rxa6 24. Nc4
$14) 21. f3 (21. Qb3+ Kh8 22. bxa6 Bxe4 23. f3 Rfb8 $15) (21. Qg3 Qxg3 22. hxg3
fxe4 $5 (22... Bxe4 23. Nc4 Rf6)) 21... fxe4 22. fxe4 Rf4 $132) 19. Nxb5 Qg6
20. Rfd1 (20. Rfe1 d5 21. Bf1 dxe4 $36) 20... Nxd3 21. Qxd3 Bxe4 22. Qg3 Rfb8
$1 $10 23. Nxd6 Rxb2 24. Nc4 1/2-1/2

[Event "Belgrade GMA op"]
[Site "Belgrade"]
[Date "1988.??.??"]
[Round "?"]
[White "Anand, Viswanathan"]
[Black "Epishin, Vladimir"]
[Result "1-0"]
[WhiteElo "2555"]
[BlackElo "2475"]
[Annotator "Anand,V"]
[PlyCount "51"]
[EventDate "1988.12.??"]
[EventType "swiss"]
[EventRounds "9"]
[EventCountry "YUG"]
[SourceTitle "TD"]
[Source "ChessBase"]
[SourceDate "1994.03.01"]
[SourceVersion "1"]
[SourceVersionDate "1994.03.01"]
[SourceQuality "1"]

1. e4 c5 2. Nf3 Nc6 3. d4 cxd4 4. Nxd4 Qb6 5. Nb3 Nf6 6. Nc3 e6 7. Bd3 (7. Be3)
(7. a3) 7... Be7 (7... a6) 8. O-O O-O 9. Be3 Qc7 10. f4 d6 11. Qf3 a6 12. Nd4
$5 (12. Kh1 b5 13. Nd4 Bb7 14. Qh3 Rad8 $1 $13) (12. g4) 12... Bd7 $6 (12...
Nxd4 $1 13. Bxd4 e5 14. fxe5 dxe5 15. Qg3 Bc5 $1 $11) 13. Kh1 b5 14. a3 Rab8
15. Nxc6 $1 Bxc6 16. Qh3 g6 $2 (16... e5 $1 17. fxe5 dxe5 18. Qg3 (18. Nd5 $2
Bxd5 19. exd5 e4 $17) 18... Nh5 $1 (18... Kh8 19. Rf5 $1 Nd7 20. Raf1 $16) 19.
Qf3 g6 $13) 17. f5 $1 b4 (17... exf5 18. exf5 b4 19. Ne2 $16) 18. axb4 exf5 19.
b5 $1 (19. exf5 $2 Rxb4 $1 20. Bh6 Nh5 $1 (20... Re8 21. Rae1 $16) 21. fxg6 (
21. Bxf8 Rh4 $40) 21... hxg6 22. Bxg6 Rh4 $1 $13) 19... axb5 (19... fxe4 20.
bxc6 exd3 21. Rxf6 $1 $16) (19... Bxe4 20. Bxe4 fxe4 21. bxa6 $1 $16) (19...
Bxb5 20. Nxb5 axb5 21. exf5 $16) 20. exf5 b4 21. Ne2 $16 Ra8 (21... Rfe8 22.
Ra7 $16) 22. Rxa8 $1 (22. Rae1 Rae8 $1) 22... Bxa8 23. Bd4 $1 Qd8 24. Nf4 (24.
Qh6 Nh5 $1 25. fxg6 fxg6) 24... Bc6 25. Qh6 Qa8 26. Bc4 $1 (26. Bc4 $1 d5 $8
27. Bd3 $18) (26. fxg6 fxg6 27. Bxg6 hxg6 28. Qxg6+ Kh8 29. Ne6 Bxg2+ 30. Kg1)
1-0